Statistics for Universe Quiz

Click here to take the quiz!

General Stats

  • This quiz has been taken 53 times
  • The average score is 4 of 7

Answer Stats

QuestionAnswer% Correct
The Universe is ____ Years old13.7 Billion
79%
The average temperature of the universe is ___ Fahrenheit-455
66%
There is a supermassive black hole at the center of every galaxyTrue
66%
About______ Earths can fit inside of the sunOne Million
61%
The sun makes up ___% of the mass of the solar system99.86
58%
Observable matter makes up ___% of the universe5
50%
The OBSERVABLE universe is _____ light-years in diameter93 Billion
47%

Score Distribution

Percentile by Number Answered

Percent of People with Each Score

Your Score History

You have not taken this quiz